CONFLICTS BETWEEN BODY AND MIND (Record no. 2944)

MARC details
000 -LEADER
fixed length control field 00363nam a2200133Ia 4500
008 - FIXED-LENGTH DATA ELEMENTS--GENERAL INFORMATION
fixed length control field 220530s9999 xx 000 0 und d
100 ## - MAIN ENTRY--PERSONAL NAME
Personal name ROBERT ELIAS NAJEMY
9 (RLIN) 62151
245 ## - TITLE STATEMENT
Title CONFLICTS BETWEEN BODY AND MIND
250 ## - EDITION STATEMENT
Edition statement FIRST
260 ## - PUBLICATION, DISTRIBUTION, ETC. (IMPRINT)
Place of publication, distribution, etc. MUMBAI
Name of publisher, distributor, etc. VMP PUBLISHERS AND DISTRIBUTERS MUMBAI
Date of publication, distribution, etc. 2004
300 ## - PHYSICAL DESCRIPTION
Extent 334
650 ## - SUBJECT ADDED ENTRY--TOPICAL TERM
Topical term or geographic name as entry element MISCELLNOUS
9 (RLIN) 62152
Holdings
Withdrawn status Lost status Damaged status Not for loan Home library Current library Date acquired Vendor Cost, normal purchase price Total Checkouts Barcode Date last seen Date last checked out Bill Date Koha item type Original Barcode
        Sitabai Nargundkar College of Nursing Nagpur Sitabai Nargundkar College of Nursing Nagpur 27/09/2021 TEXTBOOKDONATED RATNA NIDHI CHARITABLE TRUST 37.00 3 SNCN-BK-2812 10/09/2025 26/08/2025 31/05/2022 Donated Book 2812